World literature : (Record no. 14323)

000 -LEADER
fixed length control field 00679cam a2200181 a 4500
020 ## - INTERNATIONAL STANDARD BOOK NUMBER
ISBN 0844254800
040 ## - CATALOGING SOURCE
Transcribing agency DLC
082 00 - DEWEY DECIMAL CLASSIFICATION NUMBER
Classification number 808 NAT 1992 A087 Or.
245 00 - TITLE STATEMENT
Title World literature :
Remainder of title an anthology of great short stories, drama, and poetry /
260 ## - PUBLICATION, DISTRIBUTION, ETC. (IMPRINT)
Place of publication Lincolnwood, Ill., USA :
Name of publisher National Textbook Co.,
Year of publication c1992.
300 ## - PHYSICAL DESCRIPTION
Number of Pages xi, 884 p. :
Other physical details ill. ;
Dimensions 24 cm.
500 ## - GENERAL NOTE
General note Included with each selection are an introduction, questions for analyzing content and technique, and writing assignments.
500 ## - GENERAL NOTE
General note Includes index.
650 #0 - SUBJECT ADDED ENTRY--TOPICAL TERM
Topical Term Literature
700 1# - ADDED ENTRY--PERSONAL NAME
Personal name Rosenberg, Donna.
856 42 - ELECTRONIC LOCATION AND ACCESS
Uniform Resource Identifier http://www.loc.gov/catdir/enhancements/fy0737/91060324-b.html
942 ## - ADDED ENTRY ELEMENTS (KOHA)
Koha item type សៀវភៅភាសាអង់គ្លេស
952 ## - LOCATION AND ITEM INFORMATION (KOHA)
Withdrawn status [LOCAL, KOHA] 0
Holdings
Permanent Location Date acquired Koha item type Lost status Shelving location Barcode Current Location Full call number
Library Block A2017-10-12សៀវភៅភាសាអង់គ្លេស A096A15673Library Block A808 NAT 1992 A096 Or.
មជ្ឈមណ្ឌលឯការនៃសាកលវិទ្យាល័យភូមិន្ទកសិកម្មចំការដូង

Powered by Koha